Countries and Capitals Starting with A in Alphabetical Order - Statistics

General Stats
  • This quiz has been taken 243 times
  • The average score is 22 of 27
Answer Stats
Answer % Correct
Afghanistan
94%
Algeria
92%
Australia
92%
Austria
92%
Azerbaijan
92%
Angola
90%
Albania
89%
Armenia
89%
Accra
88%
Andorra
88%
Abuja
87%
Addis Ababa
86%
Antigua and Barbuda
85%
Algiers
84%
Amsterdam
84%
Argentina
84%
Abu Dhabi
83%
Amman
80%
Andorra la Vella
79%
Astana
78%
Ankara
76%
Antananarivo
73%
Asmara
72%
Asuncion
70%
Athens
70%
Apia
68%
Ashgabat
67%
No matching quizzes found
Score Distribution
Percent of People with Each Score
Percentile by Number Answered
Your Score History
You have not taken this quiz